| 000 | 005360000a22001570004500 | ||
|---|---|---|---|
| 090 |
_aAR _b04494 |
||
| 100 | 1 |
_aBotero Trujillo, Ricardo _998384 |
|
| 245 | 1 | 0 | _aTwo new species of Ananteris (Scorpiones, Buthidae) from El Tuparro Natural National Park, eastern Colombia |
| 651 | 4 |
_dVichada _lParque Nacional Natural El Tuparro _992749 |
|
| 690 |
_aNuevas especies _992905 |
||
| 690 |
_aEscorpiones _992746 |
||
| 690 |
_aTaxonomía _992343 |
||
| 041 | 0 | _aInglés | |
| 942 | _cARTICULO | ||
| 773 | 1 |
_tComptes Rendus Biologies _q83-94 _d2009 _g332 |
|
| 999 |
_c13593 _d13593 |
||